000 01775cam a2200433 a 4500
999 _c234751
_d234751
001 2387507
003 Nust
005 20170330123659.0
008 850926s1986 nyu 000 0 eng
010 _a 85022951
020 _a9780141012292 (pbk.)
040 _aDLC
_cDLC
_dDLC
042 _alcac
050 0 0 _aPR2819.A25
_bD87 1986
082 0 0 _a822.33
_bSHA
100 1 _aShakespeare, William,
_d1564-1616.
245 1 0 _aKing Lear /
_cedited and rendered into modern English by Alan Durband.
250 _a1st U.S. ed.
260 _aWoodbury, N.Y. :
_bBarron's,
_c1986.
300 _a278 p. ;
_c19 cm.
490 1 _aShakespeare made easy
520 _aPresents the original text of Shakespeare's play side by side with a modern version, discusses the author and the theater of his time, and provides quizzes and other study activities.
600 1 0 _aShakespeare, William,
_d1564-1616
_xOutlines, syllabi, etc.
600 0 0 _aLear,
_cKing of England (Legendary character)
_vDrama.
600 1 1 _aShakespeare, William,
_d1564-1616.
_tKing Lear.
600 1 1 _aShakespeare, William,
_d1564-1616
_xCriticism and interpretation.
650 0 _aInheritance and succession
_vDrama.
650 0 _aFathers and daughters
_vDrama.
650 0 _aKings and rulers
_vDrama.
650 0 _aAging parents
_vDrama.
650 0 _aBritons
_vDrama.
650 1 _aPlays.
650 1 _aEnglish literature
_xHistory and criticism.
655 7 _aTragedies.
_2gsafd
700 1 _aDurband, Alan.
800 1 _aShakespeare, William,
_d1564-1616.
_tShakespeare made easy.
856 4 2 _3Publisher description
_uhttp://www.loc.gov/catdir/enhancements/fy0630/85022951-d.html
906 _a7
_bcbc
_corignew
_d1
_eocip
_f19
_gy-gencatlg
942 _2ddc
_cBK